Statistics for Guess the 1970s song lyrics #60

Click here to take the quiz!

General Stats

  • This quiz has been taken 17 times
  • The average score is 277 of 371

Answer Stats

Answer% Correct
a
100%
the
100%
an
94%
He
94%
he
94%
I
94%
we
94%
and
88%
And
88%
be
88%
in
88%
know
88%
Know
88%
of
88%
they
88%
to
88%
were
88%
what
88%
When
88%
when
88%
you
88%
You
88%
your
88%
at
81%
For
81%
for
81%
give
81%
I'll
81%
me
81%
my
81%
On
81%
on
81%
out
81%
So
81%
their
81%
Then
81%
time
81%
all
75%
by
75%
can
75%
him
75%
if
75%
is
75%
Is
75%
it
75%
I've
75%
made
75%
Said
75%
said
75%
see
75%
some
75%
that
75%
too
75%
you're
75%
could
69%
don't
69%
em
69%
even
69%
eyes
69%
fold
69%
gambler
69%
gonna
69%
got
69%
his
69%
hold
69%
knowing
69%
knows
69%
life
69%
never
69%
night
69%
nowhere
69%
off
69%
right
69%
run
69%
tired
69%
took
69%
up
69%
way
69%
with
69%
advice
63%
asked
63%
away
63%
both
63%
bound
63%
cards
63%
count
63%
darkness
63%
done
63%
down
63%
every
63%
Every
63%
face
63%
faces
63%
handed
63%
held
63%
last
63%
light
63%
met
63%
money
63%
people's
63%
play
63%
quiet
63%
reading
63%
sitting
63%
sleep
63%
son
63%
speak
63%
staring
63%
table
63%
train
63%
turns
63%
us
63%
walk
63%
whiskey
63%
window
63%
ace
56%
began
56%
best
56%
bottle
56%
boy
56%
bummed
56%
But
56%
Cause
56%
cigarette
56%
countin
56%
die
56%
drank
56%
enough
56%
evening
56%
game
56%
hope
56%
keep
56%
mind
56%
saying
56%
summer's
56%
taste
56%
There'll
56%
throw
56%
warm
56%
words
56%
aces
50%
back
50%
boredom
50%
broke
50%
deathly
50%
final
50%
finished
50%
found
50%
gotta
50%
hand's
50%
learn
50%
loser
50%
overtook
50%
secret
50%
swallow
50%
toward
50%
turned
50%
winner
50%
counting
44%
dealing's
44%
expression
44%
lost
44%
somewhere
44%
surviving
44%
Till
44%
Crushed
38%
speaking
38%
faded
31%

Score Distribution

Percentile by Number Answered

Percent of People with Each Score

Your Score History

You have not taken this quiz